000 00474nam a2200193Ia 4500
005 20240823022127.0
008 240823s9999||||xx |||||||||||||| ||und||
020 _a9812-53-060-6
041 _aENGLISH
082 _A629.8312 P4
100 _a"Nise,Norman S"
245 0 _aControl Systems Engineering
250 _a4th
260 _c2004
_b"John Wiley & sons,Sing"
500 _aTRANSFERED
650 _aControl System
_bElectronics
942 _cBK
999 _c178416
_d178416